Dutch train stations - Fryslân - Statistics

General Stats
  • This quiz has been taken 185 times
  • The average score is 15 of 23
Answer Stats
Company Answer % Correct
NS/Arriva Leeuwarden
100%
Arriva Sneek
98%
NS Heerenveen
96%
Arriva Harlingen
95%
Arriva Franeker
80%
Arriva Stavoren
76%
Arriva Harlingen Haven
71%
Arriva Sneek Noord
71%
Arriva Leeuwarden Camminghaburen
69%
NS Wolvega
69%
NS Akkrum
66%
Arriva Buitenpost
66%
Arriva Hindeloopen
63%
Arriva IJlst
63%
NS Grou-Jirnsum
59%
Arriva Workum
55%
Arriva Feanwâlden
51%
Arriva Hurdegaryp
48%
Arriva Deinum
47%
Arriva Dronryp
47%
Arriva Mantgum
47%
Arriva De Westereen
46%
Arriva Koudum-Molkwerum
42%
No matching quizzes found
Score Distribution
Percent of People with Each Score
Percentile by Number Answered
Your Score History
You have not taken this quiz